Persuasive technology : using computers to change what we think and do (Record no. 10792)

000 -LEADER
fixed length control field 00444 a2200157 4500
020 ## - INTERNATIONAL STANDARD BOOK NUMBER
International Standard Book Number 9781558606432
040 ## - CATALOGING SOURCE
Original cataloging agency DLC
Language of cataloging DLC
082 ## - DEWEY DECIMAL CLASSIFICATION NUMBER
Classification number 153.8520285
100 ## - MAIN ENTRY--PERSONAL NAME
Personal name Fogg, B. J.
245 ## - TITLE STATEMENT
Title Persuasive technology : using computers to change what we think and do
Statement of responsibility, etc. B. J. Fogg
260 ## - PUBLICATION, DISTRIBUTION, ETC.
Place of publication, distribution, etc. New York
Name of publisher, distributor, etc. M K publishers
Date of publication, distribution, etc. 2003.
300 ## - PHYSICAL DESCRIPTION
Extent 283 p.
650 ## - SUBJECT ADDED ENTRY--TOPICAL TERM
Topical term or geographic name entry element Human-computer interaction
700 ## - ADDED ENTRY--PERSONAL NAME
Personal name B. J.Fogg
942 ## - ADDED ENTRY ELEMENTS (KOHA)
Koha item type Book
Call number prefix 153.8520285 FOG
Source of classification or shelving scheme
Holdings
Withdrawn status Lost status Damaged status Not for loan Collection code Permanent Location Current Location Shelving location Date acquired Source of acquisition Cost, normal purchase price Total Checkouts Full call number Barcode Date last seen Price effective from Koha item type
          Central Library (CL) Central Library (CL) General Stacks 03/27/2012 Progressive International Agencies 3849.94   153.8520285 FOG SEECS010972 11/14/2012 01/05/2017 Book
© 2023 Central Library, National University of Sciences and Technology. All Rights Reserved.